000 00457nam a2200169Ia 4500
005 20250508152227.0
008 008 250505s9999 xx 000 0 eng d
037 _aBooks to be hide in OPAC
040 _aFEDL
_beng
_cFEDL
041 _aeng
_2eng
084 _a373, CAL/O
_qFEDL
245 0 _aCalifornia journal of secondary education. Vol 25
260 _c1950
300 _a503p.
942 _cHB
_h373, CAL/O
999 _c1335084
_d1335084